Statistics for Billboard Hot 100 Top 100 Songs of July 14, 2017

Click here to take the quiz!

General Stats

  • This quiz has been taken 369 times
  • The average score is 23 of 100

Answer Stats

RankArtist(s)Answer% Correct
1Luis Fonsi and Daddy Yankee ft. Justin BeiberDespacito
96%
5Ed SheeranShape Of You
83%
2DJ Khaled ft. Justin Beiber, Quavo, Chance the Rapper, and Lil WayneI'm The One
77%
6Kendrick LamarHumble.
70%
3Bruno MarsThat's What I Like
63%
40Bruno Mars24K Magic
60%
7Imagine DragonsBeliever
59%
11Zedd & Alessia CaraStay
59%
4DJ Khaled ft. Rihanna and Bryson TillerWild Thoughts
59%
13The Chainsmokers & ColdplaySomething Just Like This
54%
36The Chainsmokers ft. HalseyCloser
53%
59Imagine DragonsThunder
51%
10French Montana ft. Swae LeeUnforgettable
48%
15Charlie PuthAttention
47%
9Post Malone ft. QuavoCongratulations
45%
22Niall HoranSlow Hands
44%
28Liam Payne ft. QuavoStrip That Down
43%
26Calvin Harris ft. Pharrell Williams, Katy Perry, and Big SeanFeels
40%
19Julia MichaelsIssues
40%
31Miley CyrusMalibu
40%
85Cardi BBodak Yellow
39%
23Ed SheeranCastle On The Hill
39%
73Harry StylesSign Of The Times
39%
21Kygo x Selena GomezIt Ain't Me
38%
12FutureMask Off
38%
20James ArthurSay You Won't Let Go
35%
44Jason Derulo ft. Nicki Minaj and Ty Dolla $ignSwalla
33%
24KhalidLocation
31%
88Katy Perry ft. Nicki MinajSwish Swish
31%
42Kendrick LamarDNA.
30%
25Selena GomezBad Liar
28%
81Portugal. The ManFeel It Still
28%
34Kyle ft. Lil YachtyiSpy
28%
27David Guetta ft. Justin beiber2U
27%
38Migos ft. Lil Uzi VertBad And Boujee
27%
69Kendrick Lamar Ft. ZacariLove.
25%
16Childish GambinoRedbone
25%
33Ayo & TeoRolex
25%
8Sam HuntBody Like A Back Road
24%
32Calvin Harris ft. Frank Ocean and MigosSlide
24%
70J Balvin & Willy WilliamMi Gente
23%
53Camila CabelloCrying In The Club
22%
82Cheat Codes ft. Demi LovatoNo Promises
22%
56Bruno MarsVersace On The Floor
22%
64Logic ft. Alessia Cara and Khalid1-800-273-8255
20%
72Kendrick Lamar ft. RihannaLoyalty.
20%
86Fifth Harmony ft. Gucci ManeDown
17%
51DrakePassionfruit
17%
30Playboi CartiMagnolia
16%
50Lady GagaThe Cure
16%
14Shawn MendesThere's Nothing Holdin' Me Back
16%
55Kodak BlackTunnel Vision
15%
41A Boogie Wit da Hoodie ft. Kodak BlackDrowning
14%
17Lil Uzi VertXO TOUR Llif3
14%
18HalseyNow Or Never
13%
29Migos ft. Gucci ManeSlippery
13%
48MigosT-Shirt
13%
92Hailee SteinfeldMost Girls
12%
78Yo Gotti ft. Nicki MinajRake It Up
12%
76Calvin Harris ft. Future and KhalidRollin
12%
93Travis ScottButterfly Effect
11%
47Travis ScottGoosebumps
11%
71SZA ft. Travis ScottLove Galore
11%
90Drake ft. Quavo and Travis ScottPortland
11%
96Kendrick LamarElement.
9%
35YFN Lucci ft. PnB RockEveryday We Lit
9%
80AJRWeak
9%
49Tee GrizzleyFirst Day Out
8%
54DrakeSigns
8%
45Keith Urban ft. Carrie UnderwoodThe Fighter
7%
61MalumaFelices Los 4
6%
46Luke CombsHurricane
6%
632 Chainz ft. Ty Dolla $ign, Trey Songz, and Jhene AikoIt's A Vibe
6%
79Kane Brown ft. Lauren AlainaWhat Ifs
6%
652 Chainz Ft. Travis Scott4 AM
5%
77Metro Boomin ft. Offset and DrakeNo Complaints
5%
66Chris BrownPrivacy
5%
91The WeekendReminder
5%
98Goldlink ft. Brent Faiyaz and Shy GlizzyCrew
4%
87Tyler, The CreatorWho Dat Boy
4%
39Thomas Rhett ft. Maren MorrisCraving You
3%
52Florida Georgia Line ft. Backstreet BoysGod, Your Mama, And Me
3%
37Brett YoungIn Case you Didn't Know
3%
43Dylan ScottMy Girl
3%
60Dustin LynchSmall Town Boy
3%
99Future ft. YGExtra Luv
2%
67Cole SwindellFlatliner
2%
97Brother OsborneIt Ain't My Fault
2%
95RussLosin Control
2%
62Billy CurringtonDo I Make You Wanna
1%
58MidlandDrinkin' Problem
1%
94Nicky JamEl Amante
1%
57Blake SheltonEverytime I Hear That Song
1%
89Jon PardiHeartache On The Dance Floor
1%
100Dan + ShayHow Not To
1%
74Old DominionNo Such Thing As A Broken Heart
1%
83Justin MooreSomebody Else Will
1%
68Lady AntebellumYou Look Good
1%
75Rascal FlattsYours If You Want It
1%
84Wisin Ft. OzunaEscapate Conmigo
0%

Score Distribution

Percentile by Number Answered

Percent of People with Each Score

Your Score History

You have not taken this quiz